00804nam a2200193 a 450000100100000000500170001000800410002704000250006808200160009311000740010924501400018326000460032330000270036950400290039670000450042504900090047095201140047999900170059300002588320240229180118.0110224s1999 dr a 000 0 spa d aDO-SdBNPbspacBNPHU axxxxbR426c1 aRepública Dominicana.bContraloria General de la República92162410aControl fiscal del sistema de percepción de los ingresos públicos de la República Dominicana /cprólogo Haivanjoeng Cortiñas. aSanto Domingo :bEditora de Luxes,c1999. a51 p. :bil. ;c21 cm. aBibliografía: p. 50-511 aNg Cortiñas, Haivanjoeepról.921599 aBNPD 0010718PDaPDbPDcCTd2011-02-24iLF1l0oxxxx R426cp25883-10r2020-06-25w2020-06-25yLFPDZNo se presta c25375d25375